Statistics for Oxford Colleges

Click here to take the quiz!

General Stats

  • This quiz has been taken 107 times
  • The average score is 23 of 38

Answer Stats

Answer% Correct
Christ Church
90%
Balliol
86%
Magdalen
85%
St John's
78%
Jesus
75%
Queen's
75%
Brasenose
72%
Exeter
72%
Trinity
72%
New
69%
University
69%
All Souls
68%
Corpus Christi
65%
Worcester
65%
Lincoln
64%
St Anne's
64%
St Hilda's
64%
Merton
63%
Pembroke
63%
St Hugh's
63%
Lady Margaret Hall
61%
Oriel
61%
St Peter's
61%
Hertford
58%
Keble
58%
Wadham
58%
St Edmund Hall
54%
Mansfield
50%
Somerville
49%
St Antony's
47%
Wolfson
47%
Green Templeton
44%
Harris Manchester
43%
Linacre
42%
Kellogg
40%
Nuffield
39%
St Cross
32%
St Catharine's
25%

Score Distribution

Percentile by Number Answered

Percent of People with Each Score

Your Score History

You have not taken this quiz